000
00300nam a22001217a 4500
008
170706b xxu||||| |||| 00| 0 eng d
041
_a
eng
080
_a
82
100
_a
22
101
_a
GJL
245
_a
ENGLISH POETRY AND PROSE OF THE ROMANTIC MOVEMENT
_c
WOODS.G B
942
_2
udc
_c
BK
999
_c
20001
_d
20001